|
|
แสดงรายละเอียดบรรณานุกรม |
|
|
Brief Record
: Get Marc (ISO 2709)
: E-mail record
: |
|
|
| LEADER 00000nam 2200000uu 4500 | |||
| 001 212945 | |||
| 003 ULIBM | |||
| 008 200619s||||||||th 000 0 tha d | |||
| 020 ^a978-616-7919-22-5 | |||
| 040 ^abcnkk | |||
| 060 04 ^aWM425^bอ153ก 2560 | |||
| 100 0 ^aอนงค์ ภิบาล | |||
| 245 10 ^aการป้องกันภาวะซึมเศร้าของผู้สูงอายุโดยใช้หลักมิติจิตวิญญาณ ตามวิถีมุสลิม /^cอนงค์ ภิบาล และคณะ | |||
| 250 ^aพิมพ์ครั้งที่ 1 | |||
| 260 ^aสงขลา :^bคณะพยาบาลศาสตร์ มหาวิทยาลัยนราธิวาสราชนครินทร์,^c2560,[2017] | |||
| 300 ^a83 หน้า :^bภาพประกอบ ;^c30 ซม. | |||
| 650 4 ^aการดูแลตนเอง^xในวัยชรา | |||
| 650 4 ^aความซึมเศร้า^xในวัยชรา | |||
| 650 4 ^aภาวะซึมเศร้า | |||
| 650 4 ^aโรคซึมเศร้า | |||
| 710 2 ^aมหาวิทยาลัยนราธิวาสราชนครินทร์.^bคณะพยาบาลศาสตร์ | |||
| 999 ^aใช้งานได้ทุกระบบ | |||
| คุณยังไม่ได้ล็อกอิน คุณสามารถมีกิจกรรมร่วมกับเว็บไซต์ได้ แต่ต้องล็อกอินก่อน :: |
|
| สถานะ | |||||||||
| 1. | หนังสือทั่วไป | WM425 อ153ก 2560 ฉ.1 | On Shelf ขอยืม | ||||||
| Note:จัดซื้อ ปีงบประมาณ 2563 | |||||||||
| 2. | หนังสือทั่วไป | WM425 อ153ก 2560 ฉ.2 | On Shelf ขอยืม | ||||||
| Note:จัดซื้อ ปีงบประมาณ 2563 | |||||||||
| 3. | หนังสือทั่วไป | WM425 อ153ก 2560 ฉ.3 | On Shelf ขอยืม | ||||||
| Note:จัดซื้อ ปีงบประมาณ 2563 | |||||||||
| 4. | หนังสือทั่วไป | WM425 อ153ก 2560 ฉ.4 | On Shelf ขอยืม | ||||||
| Note:จัดซื้อ ปีงบประมาณ 2563 | |||||||||
| 5. | หนังสือทั่วไป | WM425 อ153ก 2560 ฉ.5 | On Shelf ขอยืม | ||||||
| Note:จัดซื้อ ปีงบประมาณ 2563 | |||||||||
| [แสดง 5/5 รายการ] | |||||||||
BibComment |
| คอมเมนท์ทรัพยากรรายการนี้ |
|
|